| 000 | 01358cam a22002771i 4500 | ||
|---|---|---|---|
| 003 | SA-RiAUC | ||
| 005 | 20240930072337.0 | ||
| 008 | 240929s2017____su f f100 0cara c | ||
| 020 | _a9786038194751 | ||
| 040 |
_aSA-RiIMS _bara _cSA-RiAUC _erda |
||
| 082 | 0 | 4 |
_a811.2 _qSA-RiAUC |
| 090 |
_a811.2 _bن د و |
||
| 111 | 2 |
_aندوة شعراء الرسول في زمن الرسالة _d(1435 هجري : _cالمدينة المنورة) |
|
| 245 | 1 | 0 |
_aبحوث ندوة شعراء الرسول في زمن الرسالة : _b28 صفر -1 ربيع الأول 1435 هجري / 31 ديسمبر 2013- 2 يناير 2014 م / _cدارة الملك عبد العزيز. |
| 264 | 1 |
_aالرياض : _bدارة الملك عبد العزيز، _c2017 |
|
| 300 |
_a648 صفحة ؛ _c24 سم |
||
| 336 |
_aنص _btxt _2rdacontent _3كتاب |
||
| 337 |
_aبدون وسيط _bn _2rdamedia |
||
| 338 |
_aمجلد _bnc _2rdacarrier |
||
| 650 | 7 |
_aالشعراء العرب _yعصر صدر الإسلام _vتراجم _vمؤتمرات _2aucsh |
|
| 650 | 7 |
_aالشعر العربي الديني _xتاريخ ونقد _yعصر صدر الإسلام _vمؤتمرات _2aucsh |
|
| 650 | 7 |
_aالصحابة والتابعون _vتراجم _vمؤتمرات _2aucsh |
|
| 710 | 2 | _aدارة الملك عبد العزيز | |
| 942 |
_2ddc _cBOOK _n0 |
||
| 949 |
_aSA-JeALM _d240929 _umohamedma123 _n1 |
||
| 999 |
_c662 _d662 |
||